| 000 | 00539nam a2200157 a 4500 | ||
|---|---|---|---|
| 001 | 000031902 | ||
| 005 | 20200930063253.0 | ||
| 008 | 110707s2000 dr ac 000 0 spa d | ||
| 040 |
_aDO-SdBNP _bspa _cBNPHU |
||
| 082 |
_axxxx _bM533 |
||
| 245 | 0 | 0 | _aMemorias de las artes plásticas Dominicanas. |
| 246 | 0 | 1 | _aMemories of dominican plastic arts |
| 260 |
_a[Santo Domingo] : _bCírculo de Artístas Plásticos Dominicanos : _bCasa de Cultura Dominicana en New York, _c[2000?]. |
||
| 300 |
_a[16 p.] : _bil., retrs. ; _c26 cm. |
||
| 049 | _aBNPD | ||
| 999 |
_c31393 _d31393 |
||